000 02071cam a22005294i 4500
003 PE-LiUPU
005 20250731180119.0
008 150623s r 000 0 d
020 _a9586002721
035 _a(Sirsi) i9789586002721
040 _aPE-LiUPU
_bspa
_cPE-LiUPU
_erda
049 _aPRUA
082 0 4 _a574.500 8
_bM
_221
100 1 _aErickson, Jon,
_eautor.
245 1 3 _aUn mundo en desequilibrio :
_bla contaminación /
_cJon Erickson.
264 1 _aBogota, Colombia :
_bMcgraw-Hill Interamericana de España,
_c1994.
300 _a209 páginas :
_bilustraciones fotos, gráficos ;
_c21 centímetros
336 _atext
_2rdacontent
337 _aunmediated
_2rdamedia
338 _avolume
_2rdacarrier
490 0 _aMcGraw-Hill de Divulgación Científica ;
_v6
504 _aIncluye bibliografía.
505 0 _aEl planeta contaminado. -Los ciclos clave. -Peligro en el aire. -La contaminación de las aguas. -El dilema del vertedero. -El agotamiento de los recursos. -La explosión demográfica. -Lapérdida de la vida. -Caliente como un invernadero. -La solución de los satélites. -La limpieza de nuestros actos. -La contaminación global. Conservación de recursos naturales.
526 _aSEG44
526 _aSEG26
526 _aP159
526 _aP155
526 _aP154
526 _aP153
526 _aP150
526 _aP100
526 _aP31
526 _aP30
526 _aP26
526 _aP25
526 _aP24
526 _aP22
526 _aP15
526 _aP10
541 _g002537;
650 1 4 _aContaminación
_xObras de divulgación.
942 _2ddc
_cBOOK
949 _a574.500 8 M
_wDEWEY
_c1
_i51384
_lCCODEBUL1
_mBUL
_p112.00
_r0
_sY
_tBOOK
_u2015-6-24
_xINGENIERIA
_zUNKNOWN
_0COMPRA
_o.STAFF. Colección General
994 _aC0
_bPEPRU
596 _a1
999 _a574.500 8 M
_wDEWEY
_c33102
_i51384
_f2021-11-5
_g7
_lCCODEBUL1
_mBUL
_p112.00
_r0
_sN
_tBOOK
_u2015-6-24
_xBIBLIOTECA
_zUNKNOWN
_0COMPRA
_o.STAFF. Colección General
_d33102
980 _81
_gALBERTO SANCHEZ Responsable de Automatización